[Event "CYCC U10"]
[Site "Ottawa CAN"]
[Date "2007.07.04"]
[Round "3"]
[White "Blair, Jeffrey"]
[Black "Jensen, Jacob"]
[Result "1-0"]
[WhiteElo "1065"]
[BlackElo "1335"]
[PlyCount "84"]
[GameId "2160767910650723"]
[EventDate "2007.07.03"]
[EventType "swiss"]
[EventRounds "7"]
[EventCountry "CAN"]
[SourceTitle "EXT 2022"]
[Source "ChessBase"]
[SourceDate "2021.10.06"]
[SourceVersion "1"]
[SourceVersionDate "2021.10.06"]
[SourceQuality "1"]

1. e4 c5 2. Nf3 d6 3. d4 cxd4 4. Nxd4 Nf6 5. Nc3 a6 6. Bg5 e6 7. Bxf6 Qxf6 8. Nf3 Nd7 9. Qd2 b5 10. O-O-O Bb7 11. Qg5 Qxg5+ 12. Nxg5 Be7 13. Nf3 O-O 14. Bd3 h6 15. Rde1 Rac8 16. Ne2 Nc5 17. Rd1 Nxd3+ 18. Rxd3 Bxe4 19. Rd2 Rc7 20. Ng3 Bxf3 21. gxf3 Bg5 22. Rg1 Bxd2+ 23. Kxd2 Rfc8 24. c3 b4 25. cxb4 Rc2+ 26. Kd3 Rxf2 27. Ke3 Rxb2 28. Nh5 g6 29. Nf6+ Kh8 30. Rd1 Rc3+ 31. Kf4 Rxb4+ 32. Kg3 Kg7 33. Ne8+ Kf8 34. Nxd6 Ke7 35. Ne4 Rxe4 36. Kg2 Re2+ 37. Kg3 Rxa2 38. Rb1 Raa3 39. Rb7+ Kf6 40. Kf4 Rxf3+ 41. Ke4 g5 42. Rb6 Rf4# 1-0

[Event "CYCC U10"]
[Site "Ottawa CAN"]
[Date "2007.07.04"]
[Round "3"]
[White "Boucher, Maxime"]
[Black "Patenaude, Roch"]
[Result "0-1"]
[WhiteElo "964"]
[BlackElo "999"]
[PlyCount "61"]
[GameId "2160767910650724"]
[EventDate "2007.07.03"]
[EventType "swiss"]
[EventRounds "7"]
[EventCountry "CAN"]
[SourceTitle "EXT 2022"]
[Source "ChessBase"]
[SourceDate "2021.10.06"]
[SourceVersion "1"]
[SourceVersionDate "2021.10.06"]
[SourceQuality "1"]

1. e4 e5 2. Nf3 c5 3. b3 Nc6 4. Bc4 Nce7 5. O-O Nf6 6. d3 Nh5 7. Bb2 Ng6 8. Nxe5 Ngf4 9. g3 Ne6 10. g4 Nf6 11. f3 a6 12. h4 b5 13. Bd5 Rb8 14. g5 Nh5 15. d4 cxd4 16. Bxd4 Nef4 17. Ba7 Qc7 18. Bxf7+ Kd8 19. Bd4 Qd6 20. c4 Nh3+ 21. Kh2 N3f4 22. cxb5 axb5 23. a4 b4 24. Nc4 Qe7 25. Bb6+ Rxb6 26. Nxb6 Qxf7 27. Nd2 Qe6 28. Rc1 Qh3+ 29. Kg1 Ng3 30. Rxc8+ Ke7 31. Ndc4 0-1

[Event "CYCC U10"]
[Site "Ottawa CAN"]
[Date "2007.07.04"]
[Round "3"]
[White "Brichko, Michael"]
[Black "Desbiens, Jonathan"]
[Result "1-0"]
[WhiteElo "1364"]
[BlackElo "1074"]
[PlyCount "107"]
[GameId "2160767910650725"]
[EventDate "2007.07.03"]
[EventType "swiss"]
[EventRounds "7"]
[EventCountry "CAN"]
[SourceTitle "EXT 2022"]
[Source "ChessBase"]
[SourceDate "2021.10.06"]
[SourceVersion "1"]
[SourceVersionDate "2021.10.06"]
[SourceQuality "1"]

1. e4 e5 2. Nf3 Nc6 3. Bc4 Nf6 4. d3 Be7 5. Nc3 O-O 6. O-O d6 7. h3 h6 8. Be3 b6 9. Qd2 Kh7 10. Nd5 Bb7 11. Nxf6+ Bxf6 12. Bd5 Qe7 13. Qc3 Qd7 14. b4 Rab8 15. Rab1 Ne7 16. Bxb7 Rxb7 17. b5 c6 18. bxc6 Qxc6 19. Qxc6 Nxc6 20. c4 Nd4 21. Bxd4 exd4 22. a4 Rfb8 23. Rb2 a5 24. Rfb1 g6 25. Rb5 g5 26. g4 Bg7 27. Nh2 Kg8 28. Nf1 Be5 29. Nd2 f6 30. Nf3 Kg7 31. Rd5 Kg6 32. Nxd4 Bxd4 33. Rxd4 Rd7 34. Rd5 Rbb7 35. Rdb5 h5 36. Rxb6 Rbc7 37. R6b5 Ra7 38. Rd5 Ra6 39. c5 hxg4 40. hxg4 Kh6 41. Rb6 Rxb6 42. cxb6 Kg6 43. Rxa5 Rb7 44. Rb5 Kf7 45. a5 Ke7 46. a6 Rb8 47. b7 Kd7 48. a7 Kc7 49. a8=Q Rxa8 50. bxa8=Q Kd7 51. Qd5 Ke7 52. Rb7+ Kd8 53. Qxd6+ Kc8 54. Qc7# 1-0

[Event "CYCC U10"]
[Site "Ottawa CAN"]
[Date "2007.07.04"]
[Round "3"]
[White "Dumais, Jean Philippe"]
[Black "Kalra, Agastya"]
[Result "0-1"]
[WhiteElo "1153"]
[BlackElo "1365"]
[PlyCount "54"]
[GameId "2160767910650726"]
[EventDate "2007.07.03"]
[EventType "swiss"]
[EventRounds "7"]
[EventCountry "CAN"]
[SourceTitle "EXT 2022"]
[Source "ChessBase"]
[SourceDate "2021.10.06"]
[SourceVersion "1"]
[SourceVersionDate "2021.10.06"]
[SourceQuality "1"]

1. e4 c5 2. Nc3 d6 3. Nf3 Nf6 4. Bc4 Nc6 5. O-O g6 6. d3 Bg7 7. Bf4 O-O 8. e5 Nh5 9. Be3 Nxe5 10. Nxe5 Bxe5 11. Qd2 Bd7 12. d4 Bg7 13. dxc5 dxc5 14. Bxc5 Rc8 15. Ne4 Bf5 16. Qxd8 Rfxd8 17. Bxe7 Rxc4 18. Bxd8 Bxe4 19. Rad1 Rxc2 20. Be7 h6 21. Rd8+ Kh7 22. Rfd1 Rxb2 23. Re8 Rxa2 24. h4 a5 25. Rdd8 Ra1+ 26. Kh2 Be5+ 27. g3 Rh1# 0-1

[Event "CYCC U10"]
[Site "Ottawa CAN"]
[Date "2007.07.04"]
[Round "3"]
[White "Jean, Justin"]
[Black "Leu, Steven"]
[Result "0-1"]
[WhiteElo "1157"]
[BlackElo "1530"]
[PlyCount "105"]
[GameId "2160767910650728"]
[EventDate "2007.07.03"]
[EventType "swiss"]
[EventRounds "7"]
[EventCountry "CAN"]
[SourceTitle "EXT 2022"]
[Source "ChessBase"]
[SourceDate "2021.10.06"]
[SourceVersion "1"]
[SourceVersionDate "2021.10.06"]
[SourceQuality "1"]

1. e4 c5 2. Nf3 e6 3. d4 cxd4 4. Nxd4 a6 5. Nc3 Qc7 6. Be3 Nf6 7. f3 Bb4 8. Bd2 Nc6 9. Nxc6 bxc6 10. a3 Be7 11. Qe2 O-O 12. O-O-O Rb8 13. b4 a5 14. e5 Nd5 15. Nxd5 cxd5 16. f4 Qa7 17. Be3 Qa8 18. Bc5 Bxc5 19. bxc5 Qb7 20. g4 d4 21. Bg2 Qb2+ 22. Kd2 Qc3+ 23. Kc1 Qxa3+ 24. Kd2 Qc3+ 25. Kc1 Rb4 26. Rd3 Qb2+ 27. Kd2 Ba6 28. f5 Bxd3 29. Qxd3 Qc3+ 30. Qxc3 dxc3+ 31. Kxc3 Rxg4 32. Bf3 Rf4 33. Rf1 Rxf5 34. c6 dxc6 35. h4 h6 36. Kb3 g5 37. hxg5 hxg5 38. Ka4 g4 39. Bxg4 Rxf1 40. Be2 Re1 41. Bc4 Re4 42. Kxa5 Rxc4 43. c3 Rc5+ 44. Kb4 Rxe5 45. c4 Rb8+ 46. Kc3 c5 47. Kd3 Rb3+ 48. Kc2 Rh3 49. Kd2 Ree3 50. Kc2 f5 51. Kd2 f4 52. Kc2 Rh2+ 53. Kc1 0-1

[Event "CYCC U10"]
[Site "Ottawa CAN"]
[Date "2007.07.04"]
[Round "3"]
[White "Karavai, Algerd"]
[Black "Tremblay, Kevin"]
[Result "1-0"]
[WhiteElo "1075"]
[BlackElo "1293"]
[PlyCount "111"]
[GameId "2160767910650729"]
[EventDate "2007.07.03"]
[EventType "swiss"]
[EventRounds "7"]
[EventCountry "CAN"]
[SourceTitle "EXT 2022"]
[Source "ChessBase"]
[SourceDate "2021.10.06"]
[SourceVersion "1"]
[SourceVersionDate "2021.10.06"]
[SourceQuality "1"]

1. e4 e5 2. Nf3 Nc6 3. Bc4 Nf6 4. Ng5 d5 5. exd5 Na5 6. Bb5+ c6 7. dxc6 bxc6 8. Be2 h6 9. Nf3 Bc5 10. O-O Bg4 11. h3 Bh5 12. Nc3 O-O 13. d3 Re8 14. a3 Bd6 15. Be3 Bc7 16. Na4 Bb6 17. Nxb6 axb6 18. b4 Nb7 19. c4 c5 20. b5 Nd6 21. g4 Bg6 22. Ne1 Nb7 23. Bf3 Rb8 24. Bg2 Re7 25. f3 Rd7 26. f4 e4 27. f5 Bh7 28. Bf4 Rc8 29. Qc2 Na5 30. dxe4 g5 31. Be3 Ne8 32. Qc3 f6 33. a4 Nd6 34. Bf2 Ndxc4 35. Nf3 Rd3 36. Qe1 Na3 37. Qe2 Qc7 38. Qxd3 N5c4 39. Qd5+ Qf7 40. Qxf7+ Kxf7 41. h4 Rh8 42. hxg5 hxg5 43. Rfd1 Ke7 44. Rd3 Nb2 45. Rdxa3 Nc4 46. Rc3 Nb2 47. Rb1 Nxa4 48. Ra3 Ra8 49. Rba1 Rh8 50. Rxa4 Bg8 51. Ra7+ Kd8 52. Rd1+ Kc8 53. Ra8+ Kb7 54. Rda1 Kc7 55. R1a7+ Kd6 56. Rd8# 1-0

[Event "CYCC U10"]
[Site "Ottawa CAN"]
[Date "2007.07.04"]
[Round "3"]
[White "Lai, Peter"]
[Black "Lai, Jonathan"]
[Result "1-0"]
[WhiteElo "1549"]
[BlackElo "1573"]
[PlyCount "101"]
[GameId "2160767910650730"]
[EventDate "2007.07.03"]
[EventType "swiss"]
[EventRounds "7"]
[EventCountry "CAN"]

1. d4 Nf6 2. c4 e6 3. Nc3 Bb4 4. e3 O-O 5. Nf3 d6 6. Qc2 Bxc3+ 7. bxc3 Nbd7 8. Ba3 b6 9. Bd3 Bb7 10. e4 Kh8 11. O-O c5 12. Rfe1 Re8 13. Rad1 Qc7 14. Ng5 Nf8 15. e5 dxe5 16. dxe5 Nh5 17. Be4 Bxe4 18. Qxe4 h6 19. Qf3 hxg5 20. Qxh5+ Nh7 21. Rd3 g6 22. Qh6 Rg8 23. Rh3 Rg7 24. Bc1 Kg8 25. Bxg5 f5 26. exf6 Rd7 27. Qxg6+ Kh8 28. Bh6 Rg8 29. Bg7+ Rdxg7 30. fxg7+ Rxg7 31. Qxe6 Qb7 32. Qe8+ Rg8 33. Qe5+ Rg7 34. Rg3 Qf7 35. Qe8+ Qxe8 36. Rxe8+ Nf8 37. Rxf8+ Kh7 38. Rxg7+ Kxg7 39. Ra8 a5 40. Ra6 b5 41. cxb5 c4 42. b6 Kf6 43. b7+ Kf5 44. b8=Q Ke4 45. Re6+ Kd3 46. Qg3+ Kc2 47. Re2+ Kd1 48. Kf1 a4 49. Qd6+ Kc1 50. Qd2+ Kb1 51. Re1# 1-0

[Event "CYCC U10"]
[Site "Ottawa CAN"]
[Date "2007.07.04"]
[Round "3"]
[White "Luo, Zhao Yang"]
[Black "Liu, Steven2"]
[Result "1-0"]
[WhiteElo "1795"]
[BlackElo "1561"]
[PlyCount "115"]
[GameId "2160767910650733"]
[EventDate "2007.07.03"]
[EventType "swiss"]
[EventRounds "7"]
[EventCountry "CAN"]
[SourceTitle "EXT 2022"]
[Source "ChessBase"]
[SourceDate "2021.10.06"]
[SourceVersion "1"]
[SourceVersionDate "2021.10.06"]
[SourceQuality "1"]

1. e4 c6 2. d4 d5 3. exd5 cxd5 4. c4 dxc4 5. Bxc4 Nf6 6. Nf3 Bg4 7. O-O e6 8. Qb3 Bxf3 9. Qxf3 Qc7 10. Bb5+ Nbd7 11. Bf4 Bd6 12. Bxd6 Qxd6 13. Qxb7 Rb8 14. Bxd7+ Nxd7 15. Qxa7 Rxb2 16. Nc3 O-O 17. Rab1 Rxb1 18. Rxb1 g6 19. g3 Qc6 20. Qa3 Ra8 21. Qc1 Qc4 22. Qd2 Ra3 23. Rc1 Qb4 24. Rc2 e5 25. d5 e4 26. Nd1 Qxd2 27. Rxd2 Ne5 28. Re2 Rd3 29. Nb2 f5 30. Nxd3 exd3 31. Rb2 Kf7 32. Kg2 Ke7 33. Rd2 Kd6 34. f4 Nd7 35. Rxd3 Nf6 36. a4 Nxd5 37. a5 Kc5 38. a6 Nb6 39. a7 Kc6 40. Rb3 Na8 41. Kf3 h6 42. Rb8 Nc7 43. Rc8 Kb7 44. Rxc7+ Kxc7 45. a8=Q Kd6 46. Qf8+ Ke6 47. Qxh6 Kf6 48. Qg5+ Kg7 49. g4 fxg4+ 50. Kxg4 Kf7 51. f5 Ke8 52. Qxg6+ Ke7 53. Qe6+ Kd8 54. Qf7 Kc8 55. Qe7 Kb8 56. f6 Ka8 57. f7 Kb8 58. f8=R# 1-0

[Event "CYCC U10"]
[Site "Ottawa CAN"]
[Date "2007.07.04"]
[Round "3"]
[White "McCleary, Reuben"]
[Black "Mongenais, Jacob"]
[Result "0-1"]
[WhiteElo "1075"]
[BlackElo "1487"]
[PlyCount "58"]
[GameId "2160767910650734"]
[EventDate "2007.07.03"]
[EventType "swiss"]
[EventRounds "7"]
[EventCountry "CAN"]
[SourceTitle "EXT 2022"]
[Source "ChessBase"]
[SourceDate "2021.10.06"]
[SourceVersion "1"]
[SourceVersionDate "2021.10.06"]
[SourceQuality "1"]

1. e4 e5 2. Nf3 Nc6 3. Bc4 Nf6 4. Nc3 Nxe4 5. Nxe4 d5 6. Bxd5 Qxd5 7. Nc3 Qd8 8. O-O Bf5 9. d3 Bc5 10. Re1 Bd4 11. Bf4 f6 12. Be3 Qd7 13. Bxd4 Nxd4 14. Nxd4 Qxd4 15. Rb1 O-O-O 16. Nb5 Qc5 17. a4 e4 18. b4 Qb6 19. Qh5 g6 20. Qh6 exd3 21. cxd3 Bxd3 22. Rbd1 Bxb5 23. Rxd8+ Rxd8 24. axb5 Qe6 25. Kf1 Qc4+ 26. Kg1 Qe2 27. h3 Qxe1+ 28. Kh2 Qxf2 29. Qxh7 Qf4+ 0-1

[Event "CYCC U10"]
[Site "Ottawa CAN"]
[Date "2007.07.04"]
[Round "3"]
[White "Sabaratnam, Thiruvaran"]
[Black "Sharma, Pranav"]
[Result "1-0"]
[WhiteElo "1464"]
[BlackElo "1117"]
[PlyCount "47"]
[GameId "2160767910650736"]
[EventDate "2007.07.03"]
[EventType "swiss"]
[EventRounds "7"]
[EventCountry "CAN"]
[SourceTitle "EXT 2022"]
[Source "ChessBase"]
[SourceDate "2021.10.06"]
[SourceVersion "1"]
[SourceVersionDate "2021.10.06"]
[SourceQuality "1"]

1. e4 e5 2. Nf3 Nc6 3. Bc4 Bc5 4. Nc3 Nf6 5. d3 O-O 6. Bg5 d6 7. Nd5 Bg4 8. Nxf6+ gxf6 9. Bh6 Re8 10. a3 Kh8 11. Bxf7 Re7 12. Bd5 Nd4 13. c3 Nxf3+ 14. gxf3 Bh3 15. Rg1 Qd7 16. Qd2 c6 17. Ba2 d5 18. O-O-O b5 19. Rg3 Be6 20. Rdg1 Rg8 21. Rxg8+ Bxg8 22. Bf8 Bxf2 23. Bxe7 Qxe7 24. Qxf2 1-0

[Event "CYCC U10"]
[Site "Ottawa CAN"]
[Date "2007.07.04"]
[Round "3"]
[White "Yang, Bryant"]
[Black "Dumais, Remi"]
[Result "1-0"]
[WhiteElo "1008"]
[BlackElo "944"]
[PlyCount "97"]
[GameId "2160767910650738"]
[EventDate "2007.07.03"]
[EventType "swiss"]
[EventRounds "7"]
[EventCountry "CAN"]
[SourceTitle "EXT 2022"]
[Source "ChessBase"]
[SourceDate "2021.10.06"]
[SourceVersion "1"]
[SourceVersionDate "2021.10.06"]
[SourceQuality "1"]

1. e4 e5 2. Nf3 Nc6 3. Bb5 a6 4. Ba4 Nf6 5. d3 Bc5 6. O-O O-O 7. Qe2 d6 8. Be3 Bb4 9. c3 Bc5 10. Nbd2 Bxe3 11. Qxe3 Ng4 12. Qg5 Ne7 13. h3 Ne3 14. Qxe3 d5 15. Nxe5 Qd6 16. Nef3 Ng6 17. e5 Nxe5 18. Qxe5 Qd8 19. Qg5 Qd6 20. Qe5 Qd8 21. Bb3 c6 22. Rfe1 d4 23. Qxd4 Qc7 24. Qe5 Qd7 25. d4 b5 26. Qe7 Qd8 27. Qxd8 Rxd8 28. Ne5 h6 29. Nxc6 Bb7 30. Ne5 Rdc8 31. Nxf7 Kh7 32. Nd6 Rcb8 33. Nxb7 Rxb7 34. Bc2+ Kg8 35. Be4 Rbb8 36. Bxa8 Rxa8 37. c4 b4 38. a3 Rb8 39. axb4 Rxb4 40. Rxa6 Rxb2 41. Ra8+ Kh7 42. Nf3 Rb7 43. c5 Rb2 44. Rc1 Re2 45. c6 Re7 46. c7 g5 47. c8=Q Re4 48. Rc6 Re7 49. Qh8# 1-0

[Event "CYCC U10"]
[Site "Ottawa CAN"]
[Date "2007.07.04"]
[Round "3"]
[White "Zhao, Donovan"]
[Black "Knox, Christopher"]
[Result "0-1"]
[WhiteElo "1487"]
[BlackElo "1995"]
[PlyCount "56"]
[GameId "2160767910650739"]
[EventDate "2007.07.03"]
[EventType "swiss"]
[EventRounds "7"]
[EventCountry "CAN"]
[SourceTitle "EXT 2022"]
[Source "ChessBase"]
[SourceDate "2021.10.06"]
[SourceVersion "1"]
[SourceVersionDate "2021.10.06"]
[SourceQuality "1"]

1. e4 c5 2. Nf3 Nc6 3. d4 cxd4 4. Nxd4 g6 5. Nc3 Bg7 6. Be3 Nf6 7. Be2 O-O 8. O-O d5 9. exd5 Nxd5 10. Nxc6 bxc6 11. Nxd5 Qxd5 12. Qxd5 cxd5 13. c3 Rb8 14. Rab1 Bf5 15. Rbc1 Rxb2 16. Bf3 e6 17. Bxa7 Rxa2 18. Bd4 Rc8 19. Ra1 Rxa1 20. Rxa1 e5 21. Be3 e4 22. Be2 Bxc3 23. Rc1 d4 24. Bh6 d3 25. Bd1 e3 26. Bxe3 d2 27. Rxc3 Rxc3 28. Bxd2 Rd3 0-1

[Event "CYCC U10"]
[Site "Ottawa CAN"]
[Date "2007.07.04"]
[Round "4"]
[White "Boucher, Maxime"]
[Black "Leveille, Francois1"]
[Result "0-1"]
[WhiteElo "964"]
[BlackElo "988"]
[PlyCount "71"]
[GameId "2160767910650740"]
[EventDate "2007.07.03"]
[EventType "swiss"]
[EventRounds "7"]
[EventCountry "CAN"]
[SourceTitle "EXT 2022"]
[Source "ChessBase"]
[SourceDate "2021.10.06"]
[SourceVersion "1"]
[SourceVersionDate "2021.10.06"]
[SourceQuality "1"]

1. e4 c5 2. b3 Nf6 3. e5 Ng4 4. Bb2 f6 5. f3 Nxe5 6. g3 c4 7. f4 Nec6 8. Bxc4 g5 9. Nh3 g4 10. Nf2 e5 11. f5 Bc5 12. O-O Bxf2+ 13. Rxf2 Na5 14. Bd3 O-O 15. Be4 d5 16. Qxg4+ Kf7 17. Qh5+ Kg8 18. Qh6 dxe4 19. Ba3 Re8 20. Nc3 Qd4 21. Nb5 Qd7 22. c4 a6 23. Nc3 Qg7 24. Qxg7+ Kxg7 25. Rd1 Nbc6 26. d3 Nd4 27. dxe4 Nac6 28. g4 b6 29. g5 fxg5 30. f6+ Kf7 31. Nd5 Bg4 32. Nc7 Bxd1 33. Nxa8 Rxa8 34. Rf1 b5 35. cxb5 axb5 36. Rxd1 0-1

[Event "CYCC U10"]
[Site "Ottawa CAN"]
[Date "2007.07.04"]
[Round "4"]
[White "Dorrance, Adam"]
[Black "Brichko, Michael"]
[Result "0-1"]
[WhiteElo "1484"]
[BlackElo "1364"]
[PlyCount "110"]
[GameId "2160767910650742"]
[EventDate "2007.07.03"]
[EventType "swiss"]
[EventRounds "7"]
[EventCountry "CAN"]
[SourceTitle "EXT 2022"]
[Source "ChessBase"]
[SourceDate "2021.10.06"]
[SourceVersion "1"]
[SourceVersionDate "2021.10.06"]
[SourceQuality "1"]

1. d4 d5 2. Nf3 Nf6 3. c4 c6 4. Nc3 e6 5. Bf4 Nbd7 6. e3 Be7 7. Bd3 O-O 8. O-O a6 9. Ne5 Nxe5 10. Bxe5 Nd7 11. Qh5 h6 12. cxd5 exd5 13. Ne2 Nxe5 14. dxe5 Qd7 15. h3 Bg5 16. f4 Be7 17. f5 Bg5 18. h4 Bxe3+ 19. Kh1 c5 20. Rf3 d4 21. Bc4 b5 22. e6 Qe7 23. Bd5 Bb7 24. Qg4 f6 25. Bxb7 Qxb7 26. Nf4 Qe4 27. Rg3 Ra7 28. Rf1 h5 29. Nxh5 Qxg4 30. Rxg4 Bh6 31. Rf3 Re7 32. Ng3 Rd8 33. Rd3 Be3 34. Ne4 c4 35. Rd1 Kh8 36. Rg3 Bh6 37. Rg6 Kh7 38. g4 Bf4 39. Kg2 Be5 40. g5 Rxe6 41. Kf3 Re7 42. gxf6 gxf6 43. Nxf6+ Bxf6 44. Rxf6 Re3+ 45. Kf2 Re5 46. Rxa6 Rxf5+ 47. Kg3 Rg8+ 48. Kh3 Rf3+ 49. Kh2 Rf2+ 50. Kh3 d3 51. Re1 Rf3+ 52. Kh2 d2 53. Re7+ Rg7 54. Rxg7+ Kxg7 55. Rd6 Rd3 0-1

[Event "CYCC U10"]
[Site "Ottawa CAN"]
[Date "2007.07.04"]
[Round "4"]
[White "Dumais, Remi"]
[Black "Jean, Justin"]
[Result "0-1"]
[WhiteElo "944"]
[BlackElo "1157"]
[PlyCount "64"]
[GameId "2160767910650743"]
[EventDate "2007.07.03"]
[EventType "swiss"]
[EventRounds "7"]
[EventCountry "CAN"]
[SourceTitle "EXT 2022"]
[Source "ChessBase"]
[SourceDate "2021.10.06"]
[SourceVersion "1"]
[SourceVersionDate "2021.10.06"]
[SourceQuality "1"]

1. e4 c5 2. Nf3 Nc6 3. d4 cxd4 4. Nxd4 d6 5. Nc3 Nf6 6. Be3 e5 7. h3 exd4 8. Bxd4 g6 9. Qd2 Bg7 10. O-O-O O-O 11. Bd3 Nxd4 12. b3 d5 13. e5 Nd7 14. f3 Nxe5 15. f4 Nxd3+ 16. Qxd3 Ne6 17. Nxd5 b6 18. g4 Bb7 19. f5 Bxd5 20. Rhe1 Nf4 21. Qd2 Nxh3 22. fxg6 hxg6 23. b4 Kh7 24. Qd3 Nf2 25. Qg3 Bh6+ 26. Kb1 Nxd1 27. Rxd1 Bxa2+ 28. Kxa2 Qxd1 29. Kb3 a5 30. b5 Rac8 31. Qh4 Qxc2+ 32. Ka3 Rc3# 0-1

[Event "CYCC U10"]
[Site "Ottawa CAN"]
[Date "2007.07.04"]
[Round "4"]
[White "Gauvin, Mathieu"]
[Black "McCleary, Reuben"]
[Result "0-1"]
[WhiteElo "977"]
[BlackElo "1075"]
[PlyCount "72"]
[GameId "2160767910650745"]
[EventDate "2007.07.03"]
[EventType "swiss"]
[EventRounds "7"]
[EventCountry "CAN"]
[SourceTitle "EXT 2022"]
[Source "ChessBase"]
[SourceDate "2021.10.06"]
[SourceVersion "1"]
[SourceVersionDate "2021.10.06"]
[SourceQuality "1"]

1. e4 e6 2. d4 d5 3. f3 dxe4 4. fxe4 c5 5. c3 Nc6 6. Be3 Nf6 7. e5 Ne4 8. Qd3 Ng5 9. h4 Be7 10. Qd2 Ne4 11. Qd3 Ng3 12. Rh3 Nxf1 13. Kxf1 Nxe5 14. dxe5 Qxd3+ 15. Kf2 Qb5 16. b3 c4 17. bxc4 Qb2+ 18. Kf3 Qxa1 19. Na3 Qxc3 20. Nb5 Qxc4 21. Rg3 Qxb5 22. Rg4 Qxe5 23. h5 Qxh5 24. a4 e5 25. Kg3 Qxg4+ 26. Kf2 Qe4 27. Bc1 Qd4+ 28. Be3 Qxe3+ 29. Kxe3 O-O 30. g4 Bc5+ 31. Ke4 Bxg1 32. Kxe5 Bxg4 33. Kd6 Rac8 34. Ke7 Rc7+ 35. Kd6 Bh2+ 36. Kd5 a5 0-1

[Event "CYCC U10"]
[Site "Ottawa CAN"]
[Date "2007.07.04"]
[Round "4"]
[White "Jensen, Jacob"]
[Black "Zhao, Donovan"]
[Result "0-1"]
[WhiteElo "1335"]
[BlackElo "1487"]
[PlyCount "38"]
[GameId "2160767910650746"]
[EventDate "2007.07.03"]
[EventType "swiss"]
[EventRounds "7"]
[EventCountry "CAN"]
[SourceTitle "EXT 2022"]
[Source "ChessBase"]
[SourceDate "2021.10.06"]
[SourceVersion "1"]
[SourceVersionDate "2021.10.06"]
[SourceQuality "1"]

1. c4 e5 2. Nc3 Nf6 3. g3 d5 4. cxd5 Nxd5 5. Bg2 c6 6. d3 Bb4 7. Bd2 Be6 8. e3 O-O 9. Nge2 Na6 10. a3 Nxc3 11. Nxc3 Bxc3 12. bxc3 Qxd3 13. Rb1 Nc5 14. Rb4 Rfd8 15. Bf1 Qd5 16. Bc4 Qxh1+ 17. Bf1 Nd3+ 18. Ke2 Nxb4 19. cxb4 Bc4+ 0-1

[Event "CYCC U10"]
[Site "Ottawa CAN"]
[Date "2007.07.04"]
[Round "4"]
[White "Knox, Christopher"]
[Black "Lai, Peter"]
[Result "1-0"]
[WhiteElo "1995"]
[BlackElo "1549"]
[PlyCount "69"]
[GameId "2160767910650747"]
[EventDate "2007.07.03"]
[EventType "swiss"]
[EventRounds "7"]
[EventCountry "CAN"]

1. d4 d5 2. c4 e6 3. Nc3 Nf6 4. cxd5 exd5 5. Bg5 Nbd7 6. e3 Be7 7. Bd3 O-O 8. Qc2 h6 9. Bh4 b6 10. Nge2 Bb7 11. f3 c5 12. O-O-O Rc8 13. g4 Re8 14. g5 Nh5 15. g6 f5 16. Bf2 f4 17. exf4 cxd4 18. Bxd4 Bd6 19. f5 Ne5 20. Bb5 Rf8 21. f4 Nf3 22. Rhf1 Nxh2 23. Rh1 Qh4 24. Kb1 Nxf4 25. Ng1 Nh3 26. Rxh2 Bxh2 27. Qxh2 Rxc3 28. Bxc3 Qg4 29. Rf1 Qe4+ 30. Qc2 Nxg1 31. Qxe4 dxe4 32. Bc4+ Kh8 33. f6 gxf6 34. Rxf6 Rxf6 35. Bxf6# 1-0

[Event "CYCC U10"]
[Site "Ottawa CAN"]
[Date "2007.07.04"]
[Round "4"]
[White "Leu, Steven"]
[Black "Kalra, Agastya"]
[Result "1-0"]
[WhiteElo "1530"]
[BlackElo "1365"]
[PlyCount "87"]
[GameId "2160767910650748"]
[EventDate "2007.07.03"]
[EventType "swiss"]
[EventRounds "7"]
[EventCountry "CAN"]
[SourceTitle "EXT 2022"]
[Source "ChessBase"]
[SourceDate "2021.10.06"]
[SourceVersion "1"]
[SourceVersionDate "2021.10.06"]
[SourceQuality "1"]

1. e4 c5 2. Nf3 d6 3. d4 cxd4 4. Nxd4 Nf6 5. Nc3 g6 6. f3 Bg7 7. Be3 O-O 8. Qd2 Nc6 9. g4 Nxd4 10. Bxd4 Be6 11. O-O-O Qa5 12. Kb1 Rfc8 13. a3 Rab8 14. h4 b5 15. Nd5 Qxd2 16. Nxf6+ Bxf6 17. Rxd2 Bxd4 18. Rxd4 Rc5 19. Rg1 Rbc8 20. Bd3 Bc4 21. Bxc4 Rxc4 22. Rxc4 Rxc4 23. Kc1 Kf8 24. Kd2 Ra4 25. Ke3 Ke8 26. Rd1 Kd7 27. Rd4 Rxd4 28. Kxd4 Ke6 29. f4 f5 30. g5 fxe4 31. Kxe4 d5+ 32. Kd4 Kf5 33. Kxd5 Kxf4 34. Ke6 Kg4 35. b3 Kxh4 36. c4 Kxg5 37. c5 h5 38. c6 h4 39. c7 h3 40. c8=Q Kg4 41. Qc1 Kg3 42. Qg1+ Kh4 43. Qxg6 h2 44. Qg2 1-0

[Event "CYCC U10"]
[Site "Ottawa CAN"]
[Date "2007.07.04"]
[Round "4"]
[White "Liu, Steven2"]
[Black "Sabaratnam, Thiruvaran"]
[Result "0-1"]
[WhiteElo "1561"]
[BlackElo "1464"]
[PlyCount "108"]
[GameId "2160767910650749"]
[EventDate "2007.07.03"]
[EventType "swiss"]
[EventRounds "7"]
[EventCountry "CAN"]
[SourceTitle "EXT 2022"]
[Source "ChessBase"]
[SourceDate "2021.10.06"]
[SourceVersion "1"]
[SourceVersionDate "2021.10.06"]
[SourceQuality "1"]

1. e4 e5 2. Nf3 Nc6 3. Bc4 Bc5 4. c3 Nf6 5. d4 exd4 6. cxd4 Bb4+ 7. Bd2 Bxd2+ 8. Nbxd2 d5 9. exd5 Nxd5 10. O-O O-O 11. h3 h6 12. Re1 Be6 13. Rc1 a6 14. b3 Re8 15. Nf1 Qf6 16. Ng3 Qd8 17. Ne5 Nxe5 18. dxe5 c6 19. Qd2 Rc8 20. Bxd5 Bxd5 21. Nf5 Re6 22. Nd6 Rb8 23. Nc4 Qh4 24. Kh2 Rd8 25. Qe3 Rde8 26. g3 Qh5 27. g4 Qh4 28. f4 Bxc4 29. Rxc4 Rd8 30. Re2 Re7 31. Rd2 Red7 32. Rcd4 Qe7 33. Rxd7 Rxd7 34. Rd4 Qc5 35. Rd3 Qc2+ 36. Qd2 Qxd2+ 37. Rxd2 Rxd2+ 38. Kg3 Rxa2 39. Kh4 Rb2 40. g5 hxg5+ 41. Kxg5 Rxb3 42. h4 a5 43. f5 a4 44. e6 fxe6 45. fxe6 Kf8 46. Kf5 a3 47. h5 a2 48. e7+ Kxe7 49. h6 gxh6 50. Ke4 a1=Q 51. Kf5 Qa5+ 52. Kg6 Rg3+ 53. Kh7 Qg5 54. Kh8 Qg7# 0-1

[Event "CYCC U10"]
[Site "Ottawa CAN"]
[Date "2007.07.04"]
[Round "4"]
[White "Sharma, Pranav"]
[Black "Blair, Jeffrey"]
[Result "1-0"]
[WhiteElo "1117"]
[BlackElo "1065"]
[PlyCount "69"]
[GameId "2160767910650752"]
[EventDate "2007.07.03"]
[EventType "swiss"]
[EventRounds "7"]
[EventCountry "CAN"]
[SourceTitle "EXT 2022"]
[Source "ChessBase"]
[SourceDate "2021.10.06"]
[SourceVersion "1"]
[SourceVersionDate "2021.10.06"]
[SourceQuality "1"]

1. e4 e5 2. Nf3 Nc6 3. Nc3 Nf6 4. Bc4 h6 5. d3 Bb4 6. Be3 O-O 7. O-O d6 8. h3 Be6 9. a3 Bxc3 10. bxc3 Bxc4 11. dxc4 Na5 12. Qd3 Nc6 13. Nh4 Nd7 14. Nf5 Nc5 15. Qe2 Nxe4 16. Nxh6+ gxh6 17. Bxh6 Re8 18. Qg4+ Ng5 19. Bxg5 Qxg5 20. Qxg5+ Kf8 21. Rfe1 Na5 22. Re4 Re6 23. Rh4 Ke8 24. Rh8+ Kd7 25. Rxa8 a6 26. c5 dxc5 27. Rd1+ Kc6 28. Qd8 Rd6 29. Rxd6+ cxd6 30. Qxa5 d5 31. Rc8+ Kd7 32. Qxc5 Ke6 33. Qc7 Kf6 34. Qxb7 Kf5 35. Qxa6 1-0